000 01813nam a2200409 a 4500
001 ebr10580284
003 CaPaEBR
006 m u
007 cr cn|||||||||
008 120130s2012 si a sb 001 0 eng d
010 _z 2012000095
020 _z9781118188187
020 _z9781118188200 (e-book)
040 _aCaPaEBR
_cCaPaEBR
035 _a(OCoLC)774697307
050 1 4 _aTK5103.2
_b.C45 2012eb
082 0 4 _a621.384/18
_223
100 1 _aChiueh, Tzi-Dar,
_d1960-
245 1 0 _aBaseband receiver design for wireless MIMO-OFDM communications
_h[electronic resource] /
_cTzi-Dar Chiueh, Pei-Yun Tsai, I-Wei Lai.
250 _a2nd ed.
260 _aSingapore :
_bWiley,
_c2012.
300 _axxv, 346 p. :
_bill.
500 _aRev. ed. of: OFDM baseband receiver design for wireless communications / Tzi-Dar Chiueh, Pei-Yun Tsai. c2007.
504 _aIncludes bibliographical references and index.
505 0 _apt. 1. Fundamentals of wireless communication -- pt. 2. MIMO-OFDM receiver processing -- pt. 3. Hardware design for MIMO-OFDM receivers.
533 _aElectronic reproduction.
_bPalo Alto, Calif. :
_cebrary,
_d2011.
_nAvailable via World Wide Web.
_nAccess may be limited to ebrary affiliated libraries.
650 0 _aRadio
_xTransmitter-receivers.
650 0 _aWireless communication systems
_xEquipment and supplies.
650 0 _aOrthogonal frequency division multiplexing.
650 0 _aMIMO systems.
655 7 _aElectronic books.
_2local
700 1 _aTsai, Pei-Yun.
700 1 _aLai. I-Wei.
700 1 _aChiueh, Tzi-Dar,
_d1960-
_tOFDM baseband receiver design for wireless communications.
710 2 _aebrary, Inc.
856 4 0 _uhttp://site.ebrary.com/lib/rucke/Doc?id=10580284
_zAn electronic book accessible through the World Wide Web; click to view
999 _c84764
_d84764